Central Library || Chittagong University

The science and technology of polymer films.// (Record no. 111228)

MARC details
000 -LEADER
fixed length control field 00498nam a22001697a 4500
003 - CONTROL NUMBER IDENTIFIER
control field BD-ChCU
005 - DATE AND TIME OF LATEST TRANSACTION
control field 20260125092853.0
008 - FIXED-LENGTH DATA ELEMENTS--GENERAL INFORMATION
fixed length control field 260125b bg ||||| |||| 00| 0 ben d
040 ## - CATALOGING SOURCE
Transcribing agency BD-ChCU
082 ## - DEWEY DECIMAL CLASSIFICATION NUMBER
Classification number 547.8427 SWS
100 ## - MAIN ENTRY--PERSONAL NAME
Personal name Sweeting, Orville J. ed.
9 (RLIN) 19591
245 ## - TITLE STATEMENT
Title The science and technology of polymer films.//
Statement of responsibility, etc. Orville J. Sweeting ed.
260 ## - PUBLICATION, DISTRIBUTION, ETC.
Place of publication, distribution, etc. New York
Name of publisher, distributor, etc. Interscience pub
Date of publication, distribution, etc. 1968
300 ## - PHYSICAL DESCRIPTION
Extent vol 1
650 #0 - SUBJECT ADDED ENTRY--TOPICAL TERM
Topical term or geographic name entry element Polymers and Polymerization.
9 (RLIN) 19592
942 ## - ADDED ENTRY ELEMENTS (KOHA)
Source of classification or shelving scheme Dewey Decimal Classification
Koha item type Books
Suppress in OPAC No
Holdings
Withdrawn status Lost status Source of classification or shelving scheme Damaged status Not for loan Home library Current library Shelving location Date acquired Source of acquisition Total Checkouts Full call number Barcode Date last seen Copy number Price effective from Koha item type Public note
    Dewey Decimal Classification     Chittagong University Library Chittagong University Library Science Reading Room 01/25/2026 Purchase   547.8427 SWS 37306 01/25/2026 C-1 01/25/2026 Books V : 1
© Copyright 2026. Chittagong University Library, Installation and Maintenance by Prof. Dr. Md. Alamgir, 01711306253